[Event "P-4589"]
[Site "IECC email"]
[Date "2009.10.25"]
[Round "?"]
[White "Hintze, Russell P"]
[Black "Boychuk, Taras"]
[Result "0-1"]
[WhiteElo "1108"]
[BlackElo "1000"]
[PlyCount "46"]
[EventDate "2009.??.??"]
[EventType "tourn (corr)"]
[SourceTitle "Telechess CBM 149"]
[Source "ChessBase"]
[SourceDate "2012.07.17"]
[SourceVersion "1"]
[SourceVersionDate "2012.07.17"]
[SourceQuality "1"]
[WhiteTeam "US of America"]
[BlackTeam "Ukraine"]
[WhiteTeamCountry "USA"]
[BlackTeamCountry "UKR"]

1. d4 Nf6 2. c4 e6 3. g3 d5 4. Bg2 Be7 5. Nc3 0-0 6. Bg5 dxc4 7. Nf3 Bd7 8. 0-0 Bc6 9. b3 cxb3 10. axb3 h6 11. Bxf6 Bxf6 12. e4 Na6 13. Ra2 Nb4 14. Rd2 a5 15. e5 Be7 16. Ne1 Qd7 17. Nd3 Bxg2 18. Kxg2 Qc6+ 19. f3 Qxc3 20. Nxb4 axb4 21. Rc2 Qxb3 22. Rxc7 Ra2+ 23. Kg1 Qb2 0-1

[Event "IECC KO-1074"]
[Site "IECC email"]
[Date "2008.11.17"]
[Round "?"]
[White "Hintze, Russell P"]
[Black "Cuaycong, Virgilio"]
[Result "0-1"]
[WhiteElo "1093"]
[BlackElo "1047"]
[PlyCount "37"]
[EventDate "2008.??.??"]
[EventType "match (corr)"]
[EventRounds "2"]
[SourceTitle "Corr 2013"]
[Source "ChessBase"]
[SourceDate "2012.11.12"]
[SourceVersion "1"]
[SourceVersionDate "2012.11.12"]
[SourceQuality "1"]
[WhiteTeam "US of America"]
[BlackTeam "England"]
[WhiteTeamCountry "USA"]
[BlackTeamCountry "ENG"]

1. d4 Nf6 2. c4 g6 3. Nc3 Bg7 4. e4 d6 5. Nf3 0-0 6. Be2 e5 7. 0-0 exd4 8. Nxd4 c5 9. Nf3 Nc6 10. Bg5 Re8 11. Nb5 Rxe4 12. Qd3 Bf5 13. Qc2 Re6 14. Qd2 Qe7 15. Rfe1 Re8 16. Kf1 h6 17. Bf4 Ne4 18. Qc1 a6 19. Bg5 0-1

[Event "IECC O-2843"]
[Site "IECC email"]
[Date "2008.10.10"]
[Round "?"]
[White "Hintze, Russell P"]
[Black "Larson, John"]
[Result "0-1"]
[WhiteElo "1058"]
[BlackElo "1167"]
[PlyCount "60"]
[EventDate "2008.??.??"]
[EventType "swiss (corr)"]
[EventRounds "2"]
[SourceTitle "Corr 2011"]
[Source "ChessBase"]
[SourceDate "2010.08.31"]
[SourceVersion "1"]
[SourceVersionDate "2010.08.31"]
[SourceQuality "1"]
[WhiteTeam "US of America"]
[BlackTeam "US of America"]
[WhiteTeamCountry "USA"]
[BlackTeamCountry "USA"]

1. d4 d5 2. c4 e6 3. Nc3 c5 4. cxd5 exd5 5. Nf3 Nc6 6. g3 Nf6 7. Bg2 Be7 8. 0-0 0-0 9. Bg5 cxd4 10. Nxd4 h6 11. Be3 Re8 12. Re1 Be6 13. Nxc6 bxc6 14. Rc1 Ng4 15. h3 Nxe3 16. fxe3 Qb6 17. Qd4 Bc5 18. Nxd5 Bxd4 19. Nxb6 Bxe3+ 20. Kh2 axb6 21. Bxc6 Bxc1 22. Bxe8 Bxb2 23. Bb5 Rxa2 24. Rd1 Be5 25. Bd3 Ra4 26. Rc1 Rh4 27. Kg1 Rxh3 28. Rc6 Rxg3+ 29. Kf2 Rg4 30. Ke1 Rb4 0-1

[Event "IECC CL7-2008.03 email"]
[Site "IECC email"]
[Date "2008.03.09"]
[Round "?"]
[White "Leino, Risto"]
[Black "Hintze, Russell P"]
[Result "0-1"]
[WhiteElo "1063"]
[BlackElo "1077"]
[PlyCount "64"]
[EventDate "2008.??.??"]
[EventType "tourn (corr)"]
[EventRounds "4"]
[SourceTitle "Corr 2013"]
[Source "ChessBase"]
[SourceDate "2012.11.12"]
[SourceVersion "1"]
[SourceVersionDate "2012.11.12"]
[SourceQuality "1"]
[WhiteTeam "Nicaragua"]
[BlackTeam "US of America"]
[WhiteTeamCountry "NCA"]
[BlackTeamCountry "USA"]

1. e4 c5 2. Nf3 d6 3. d4 cxd4 4. Nxd4 Nf6 5. Nc3 g6 6. Be3 Bg7 7. f3 0-0 8. Qd2 Nc6 9. 0-0-0 d5 10. exd5 Nxd5 11. Nxc6 bxc6 12. Bd4 e5 13. Bc5 Be6 14. Ne4 Re8 15. h4 h5 16. Bc4 Kh7 17. Ng5+ Kg8 18. Ne4 f5 19. Ng5 Bh6 20. Bxd5 Bxd5 21. a3 a5 22. Rhe1 a4 23. f4 Qa5 24. fxe5 Qxc5 25. e6 Bxg5 26. Qxg5 Qe7 27. Qxg6+ Qg7 28. Qxg7+ Kxg7 29. e7 Kf6 30. b4 axb3 31. cxb3 Rxa3 32. b4 Rxe7 0-1

[Event "IECC CL8-2005.06 email"]
[Site "IECC email"]
[Date "2005.07.31"]
[Round "?"]
[White "Hintze, Russell P"]
[Black "Davidson, Allan D"]
[Result "1-0"]
[WhiteElo "990"]
[BlackElo "946"]
[PlyCount "103"]
[EventDate "2005.??.??"]
[EventType "tourn (corr)"]
[EventRounds "4"]
[SourceTitle "Corr 2008"]
[Source "ChessBase"]
[SourceDate "2008.06.24"]
[SourceVersion "1"]
[SourceVersionDate "2008.06.24"]
[SourceQuality "1"]

1. d4 d5 2. c4 dxc4 3. e4 b5 4. a4 c6 5. axb5 cxb5 6. b3 cxb3 7. Bxb5+ Bd7 8. Qxb3 Bxb5 9. Qxb5+ Nd7 10. Bf4 e6 11. Nf3 Rb8 12. Bxb8 Qxb8 13. Qxb8+ Nxb8 14. Rxa7 Bb4+ 15. Nbd2 Nc6 16. Ra8+ Ke7 17. 0-0 Nxd4 18. Nxd4 Bxd2 19. e5 f6 20. Ra7+ Kf8 21. Nxe6+ Ke8 22. Rb1 Ne7 23. Rb8+ Kf7 24. Rxh8 Kxe6 25. f4 Be3+ 26. Kf1 Bxa7 27. Rxh7 Kf7 28. g4 fxe5 29. fxe5 Bd4 30. Rh5 g6 31. Rh7+ Kg8 32. Rxe7 Kf8 33. Re6 Kf7 34. Rf6+ Kg7 35. h4 Bxe5 36. Re6 Bg3 37. h5 gxh5 38. gxh5 Bf4 39. Kf2 Bg5 40. Kf3 Bf6 41. Kg4 Kf7 42. Kf5 Be7 43. Rg6 Bf8 44. h6 Bxh6 45. Rxh6 Kg7 46. Ra6 Kf7 47. Ra7+ Ke8 48. Ke6 Kd8 49. Rh7 Kc8 50. Kd6 Kb8 51. Kc6 Kc8 52. Rh8# 1-0

[Event "IECG CF.2005.0.00069 email"]
[Site "IECG email"]
[Date "2005.03.16"]
[Round "?"]
[White "Hintze, Russell P"]
[Black "Adorjan, Attila"]
[Result "1-0"]
[WhiteElo "1100"]
[BlackElo "1000"]
[PlyCount "35"]
[EventDate "2005.03.16"]
[EventType "tourn (corr)"]
[EventRounds "6"]
[SourceTitle "Corr 2008"]
[Source "ChessBase"]
[SourceDate "2008.06.24"]
[SourceVersion "1"]
[SourceVersionDate "2008.06.24"]
[SourceQuality "1"]

1. d4 d5 2. c4 c6 3. Nf3 Nf6 4. Nc3 dxc4 5. a4 Bf5 6. Ne5 e6 7. g3 Bb4 8. Bg2 Be4 9. f3 Bf5 10. 0-0 Bc2 11. Qd2 Bb3 12. e3 Nbd7 13. Rf2 Nb6 14. Bf1 a5 15. Be2 Nfd5 16. Qe1 f6 17. e4 Ne7 18. Ng4 1-0

[Event "IECG CF.2005.0.00069 email"]
[Site "IECG email"]
[Date "2005.03.16"]
[Round "?"]
[White "Metz, Patrick"]
[Black "Hintze, Russell P"]
[Result "0-1"]
[WhiteElo "1000"]
[BlackElo "1100"]
[PlyCount "42"]
[EventDate "2005.03.16"]
[EventType "tourn (corr)"]
[EventRounds "6"]
[SourceTitle "Corr 2008"]
[Source "ChessBase"]
[SourceDate "2008.06.24"]
[SourceVersion "1"]
[SourceVersionDate "2008.06.24"]
[SourceQuality "1"]

1. e4 c5 2. Nf3 d6 3. d4 cxd4 4. Nxd4 Nf6 5. Nc3 g6 6. Bd3 Bg7 7. Nf3 Nc6 8. 0-0 0-0 9. Re1 Qb6 10. Nd5 Nxd5 11. exd5 Nd8 12. c3 Re8 13. h3 e6 14. dxe6 Nxe6 15. Qa4 Re7 16. Qh4 Qc7 17. Bg5 Nxg5 18. Nxg5 h5 19. Rxe7 Qxe7 20. g4 Bh6 21. Ne4 Qxh4 0-1